000 01232nam0a22002771 4500
001 rc\4682954
005 20250612152305.0
021 _aRU
_b[64-48749]
035 _a(NLR Aleph) 008709007
090 _a9346268
_c9346268
100 _a20130416d1964 |||y0rusy50 ca
101 0 _arus
102 _aRU
105 _aa z |||||
200 1 _aМеталлические подогреваемые сопротивления в электроизмерительной технике и автоматике
_fАкад. наук СССР. Ин-т электромеханики Гос. ком. по электротехнике при Госплане СССР
210 _aМосква
_aЛенинград
_cНаука. [Ленингр. отд-ние]
_d1964
215 _a228 с.
_cчерт.
_d21
320 _aБиблиогр.: с. 225-227 (70 назв.)
606 _aЭлектрические сопротивления
_2psbo
700 1 _aПопов
_bВ. С.
_cд-р техн. наук, электротехника
_gВладимир Сергеевич
_9250139
_3RU\NLR\AUTH\770250195
801 0 _aRU
_bNLR
_gpsbo
801 1 _aRU
_bELAR
_2rusmarc
852 _aNLR
_j64-5/3279
942 _cBOOK
980 _aNB